000 00495nam a22001937a 4500
003 MPLRDC
005 20220104190631.0
008 210129b ||||| |||| 00| 0 eng d
020 _a978-986-133-216-1
082 _a855 ZHJ-20
100 _a郑华娟
245 _a肥皂大学忙线中
_c
250 _a初版
260 _a台湾
_b圆神出版社有限公司
_c2007
300 _b
490 _a郑华娟系列. 016
650 _a散文;随笔、日记
942 _cBK
_o855 ZHJ-20
999 _c63880
_d63870